000
00314nam a22001337a 4500
008
170407b xxu||||| |||| 00| 0 eng d
020
_a
9781416057253
041
_a
eng
080
_a
616
100
_a
9
101
_a
SHM
245
_a
YEAR BOOK OF PATHOLOGY AND LABORATORY MEDICINE
_c
RAAB, S.S
942
_2
udc
_c
BK
999
_c
10133
_d
10133